| 000 | 00340nam a22001337a 4500 | ||
|---|---|---|---|
| 082 |
_a894.812.1 _bRAS/M |
||
| 100 | _aRASHEED VENNIYUR | ||
| 245 |
_aMAZHAVANI KAVITHAKAL _bMAZHAVANI KAVITHAKAL |
||
| 246 |
_aMAZHAVANI KAVITHAKAL _bMAZHAVANI KAVITHAKAL |
||
| 260 |
_bMANDHARAM _c2025 |
||
| 300 | _a130 | ||
| 650 | _aMALAYALAM POEMS | ||
| 942 | _cBK | ||
| 999 |
_c9189 _d9189 |
||